<?xml version="1.0" encoding="UTF-8"?><marc:collection xmlns:marc="http://www.loc.gov/MARC21/slim">
  <marc:record>
    <marc:leader>00000nam  2200000za 4500</marc:leader>
    <marc:controlfield tag="001">9.833108</marc:controlfield>
    <marc:controlfield tag="003">CaOODSP</marc:controlfield>
    <marc:controlfield tag="005">20221107150139</marc:controlfield>
    <marc:controlfield tag="007">cr |||||||||||</marc:controlfield>
    <marc:controlfield tag="008">170227k19441950oncabd|#os   f001 0 eng d</marc:controlfield>
    <marc:datafield tag="040" ind1=" " ind2=" ">
      <marc:subfield code="a">CaOODSP</marc:subfield>
      <marc:subfield code="b">eng</marc:subfield>
    </marc:datafield>
    <marc:datafield tag="041" ind1=" " ind2=" ">
      <marc:subfield code="a">eng</marc:subfield>
      <marc:subfield code="a">fre</marc:subfield>
    </marc:datafield>
    <marc:datafield tag="043" ind1=" " ind2=" ">
      <marc:subfield code="a">n-cn---</marc:subfield>
    </marc:datafield>
    <marc:datafield tag="045" ind1=" " ind2=" ">
      <marc:subfield code="a">x4x4</marc:subfield>
    </marc:datafield>
    <marc:datafield tag="086" ind1="1" ind2=" ">
      <marc:subfield code="a">CS98-1941-PDF</marc:subfield>
      <marc:subfield code="z">CS98-1941 (F)</marc:subfield>
    </marc:datafield>
    <marc:datafield tag="245" ind1="0" ind2="0">
      <marc:subfield code="a">Eighth census of Canada,1941 </marc:subfield>
      <marc:subfield code="h">[electronic resource] = </marc:subfield>
      <marc:subfield code="b">Huitième recensement du Canada </marc:subfield>
    </marc:datafield>
    <marc:datafield tag="246" ind1="1" ind2="1">
      <marc:subfield code="a">Huitième recensement du Canada 1941 </marc:subfield>
    </marc:datafield>
    <marc:datafield tag="246" ind1="3" ind2=" ">
      <marc:subfield code="a">Report on the eighth census of Canada, 1941</marc:subfield>
    </marc:datafield>
    <marc:datafield tag="246" ind1="1" ind2="7">
      <marc:subfield code="a">Census of Canada 1941</marc:subfield>
    </marc:datafield>
    <marc:datafield tag="260" ind1=" " ind2=" ">
      <marc:subfield code="a">Ottawa : </marc:subfield>
      <marc:subfield code="b">Dominion Bureau of Statistics = Bureau fédéral de la statistique, </marc:subfield>
      <marc:subfield code="c">1944-1950 </marc:subfield>
      <marc:subfield code="f">(Edmond Cloutier) </marc:subfield>
    </marc:datafield>
    <marc:datafield tag="300" ind1=" " ind2=" ">
      <marc:subfield code="a">11 v. in 12 : </marc:subfield>
      <marc:subfield code="b">ill., graphs, maps</marc:subfield>
    </marc:datafield>
    <marc:datafield tag="500" ind1=" " ind2=" ">
      <marc:subfield code="a">Chiefly tables.</marc:subfield>
    </marc:datafield>
    <marc:datafield tag="500" ind1=" " ind2=" ">
      <marc:subfield code="a">Errata laid in.</marc:subfield>
    </marc:datafield>
    <marc:datafield tag="500" ind1=" " ind2=" ">
      <marc:subfield code="a">Historical census publication digitized in 2009 [by Statistics Canada].</marc:subfield>
    </marc:datafield>
    <marc:datafield tag="504" ind1=" " ind2=" ">
      <marc:subfield code="a">Includes indexes.</marc:subfield>
    </marc:datafield>
    <marc:datafield tag="505" ind1="0" ind2=" ">
      <marc:subfield code="a">v. 1.  General review and summary tables -- v. 2. Population by local subdivisions -- v. 3. Ages of the population -- v. 4. Cross-classification, interprovincial migration, blind and deaf-mutes -- v. 5. Dwellings, households and families -- v. 6. Earnings, employment and unemployment of wage-earners -- v. 7. Gainfully occupied by occupations, industries, etc.  v. 8, pt. 1. Agriculture: Canada, Prince Edward Island, Nova Scotia, New Brunswick, Quebec -- v. 8 pt 2. Agriculture: Ontario, Manitoba, Saskatchewan, Alberta, British Columbia, Yukon -- v. 9. Housing -- v. 10. Merchandising and service establishments. Part 1, Retail merchandise trade: summary for Canada and statistics for provinces, cities, towns and counties or census divisions -- v. 11.  Merchandising and service establishments. Part 2,  Wholesale trade, retail services, hotels, finance companies.</marc:subfield>
    </marc:datafield>
    <marc:datafield tag="520" ind1=" " ind2=" ">
      <marc:subfield code="a">Report of the eighth census of Canada, 1941. Vol. 1 contains a general interpretation of the results of the 1941 census. The volume is divided into two parts: the first part is a descriptive review of the various subjects of the Population, Housing, Agriculture and Merchandising and Service Establishments Censuses of 1941, while the second part consists of historical and summary tables, in the main supplementing the analytical tables of part one. Vol. 2 sets forth the total population enumerated as of date June 2, 1941, down to the smallest geographical areas, but without cross-classification or analysis of any kind except by sex and by rural and urban. Vol. 3 classifies the population by age to show sex, conjugal condition, racial origin, religious denomination, birthplace, length of residence in province, place of last residence, period of immigration and naturalization, citizenship, official language and mother tongue, school attendance and years of schooling, for provinces, rural and urban, for individual cities of 30,000 population and over, and generally, for the metropolitan areas of Montreal, Toronto, Vancouver and Winnipeg). Vol. 4 classifies the population by (a) racial origin and (b) birthplace according to sex, age, conjugal condition, religious denomination, place of last permanent residence, period of immigration and naturalization, citizenship, official language, mother tongue, and age at first marriage of women ever married. In addition the volume contains tables on inter-provincial migration and the census of the blind and deaf-mutes. Vol. 5 presents the results of the population census dealing with dwellings, household and families. Vol. 6 contains statistics on earnings and employment of wage-earners covering the 12 months prior to the census date, for Canada, the provinces, counties and census divisions and for urban centres of 1,000 population and over. It also contains statistics on unemployment. Vol. 7 contains statistics of the gainfully occupied, arranged in two divisions: the first of occupation tables and the second of industry tables. Vol. 8 presents the final results of the census of agriculture and contains data relation to occupied and abandoned farms, such as area, value, tenure, size of holdings, production and value of various crops, number and value of live stock, certain farm expenditures, indebtedness, etc. Vol. 9 contains statistics on housing in Canada, from the first housing census conducted in the Dominion.  Vol. 10 contains statistics on retail distribution for the Dominion as a whole, for each of the nine provinces, for counties or census divisions, and for each city, town or incorporated village of 1,000 population or more. Vol. 11 is the second of two volumes containing the census of merchandising and service establishments. It presents the complete results of the census relating to wholesale trade, service establishments, hotels, and sales finance companies.</marc:subfield>
    </marc:datafield>
    <marc:datafield tag="546" ind1=" " ind2=" ">
      <marc:subfield code="a">Text in English and in French in parallel columns; vols. 10-11 have separate English and French title pages, with French text following the English.</marc:subfield>
    </marc:datafield>
    <marc:datafield tag="692" ind1="0" ind2="7">
      <marc:subfield code="2">gccst</marc:subfield>
      <marc:subfield code="a">Census</marc:subfield>
    </marc:datafield>
    <marc:datafield tag="710" ind1="1" ind2=" ">
      <marc:subfield code="a">Canada. </marc:subfield>
      <marc:subfield code="b">Dominion Bureau of Statistics.</marc:subfield>
    </marc:datafield>
    <marc:datafield tag="740" ind1="0" ind2="2">
      <marc:subfield code="a">General review and summary tables </marc:subfield>
    </marc:datafield>
    <marc:datafield tag="740" ind1="0" ind2="2">
      <marc:subfield code="a">Population by local subdivisions</marc:subfield>
    </marc:datafield>
    <marc:datafield tag="740" ind1="0" ind2="2">
      <marc:subfield code="a">Ages of the population, classified by sex, conjugal condition, racial origin, religious denominations, birthplace, etc.</marc:subfield>
    </marc:datafield>
    <marc:datafield tag="740" ind1="0" ind2="2">
      <marc:subfield code="a">Cross-classification, interprovincial migration, blind and deaf-mutes</marc:subfield>
    </marc:datafield>
    <marc:datafield tag="740" ind1="0" ind2="2">
      <marc:subfield code="a">Dwellings, households and families</marc:subfield>
    </marc:datafield>
    <marc:datafield tag="740" ind1="0" ind2="2">
      <marc:subfield code="a">Earnings, employment and unemployment of wage-earners</marc:subfield>
    </marc:datafield>
    <marc:datafield tag="740" ind1="0" ind2="2">
      <marc:subfield code="a">Gainfully occupied by occupations, industries, etc.</marc:subfield>
    </marc:datafield>
    <marc:datafield tag="740" ind1="0" ind2="2">
      <marc:subfield code="a">Agriculture: Canada, Prince Edward Island, Nova Scotia, New Brunswick, Quebec</marc:subfield>
    </marc:datafield>
    <marc:datafield tag="740" ind1="0" ind2="2">
      <marc:subfield code="a">Agriculture: Ontario, Manitoba, Saskatchewan, Alberta, British Columbia, Yukon</marc:subfield>
    </marc:datafield>
    <marc:datafield tag="740" ind1="0" ind2="2">
      <marc:subfield code="a">Housing</marc:subfield>
    </marc:datafield>
    <marc:datafield tag="740" ind1="0" ind2="2">
      <marc:subfield code="a">Merchandising and service establishments</marc:subfield>
      <marc:subfield code="n">Part 1, </marc:subfield>
      <marc:subfield code="p">Retail merchandise trade: summary for Canada and statistics for provinces, cities, towns and counties or census divisions</marc:subfield>
    </marc:datafield>
    <marc:datafield tag="740" ind1="0" ind2="2">
      <marc:subfield code="a">Merchandising and service estalblishments</marc:subfield>
      <marc:subfield code="n">Part 2, </marc:subfield>
      <marc:subfield code="p">Wholesale trade, retail services, hotels, finance companies</marc:subfield>
    </marc:datafield>
    <marc:datafield tag="792" ind1=" " ind2=" ">
      <marc:subfield code="t">Eighth census of Canada,1941 </marc:subfield>
      <marc:subfield code="e">fre</marc:subfield>
      <marc:subfield code="w">(CaOODSP)9.833122</marc:subfield>
    </marc:datafield>
    <marc:datafield tag="856" ind1="4" ind2="0">
      <marc:subfield code="q">PDF</marc:subfield>
      <marc:subfield code="s">77.60 MB</marc:subfield>
      <marc:subfield code="u">https://publications.gc.ca/collections/collection_2017/statcan/CS98-1941-1.pdf</marc:subfield>
      <marc:subfield code="z">Vol. 1. General review and summary tables</marc:subfield>
    </marc:datafield>
    <marc:datafield tag="856" ind1="4" ind2="0">
      <marc:subfield code="q">PDF</marc:subfield>
      <marc:subfield code="s">61.57 MB</marc:subfield>
      <marc:subfield code="u">https://publications.gc.ca/collections/collection_2017/statcan/CS98-1941-2.pdf</marc:subfield>
      <marc:subfield code="z">Vol. 2. Population by local subdivisions</marc:subfield>
    </marc:datafield>
    <marc:datafield tag="856" ind1="4" ind2="0">
      <marc:subfield code="q">PDF</marc:subfield>
      <marc:subfield code="s">567.53 MB</marc:subfield>
      <marc:subfield code="u">https://publications.gc.ca/collections/collection_2017/statcan/CS98-1941-3.pdf</marc:subfield>
      <marc:subfield code="z">Vol. 3. Ages of the population classifed by sex, conjugal condition, racial origin, religious denomination, birthplace, etc.</marc:subfield>
    </marc:datafield>
    <marc:datafield tag="856" ind1="4" ind2="0">
      <marc:subfield code="q">PDF</marc:subfield>
      <marc:subfield code="s">53.10 MB</marc:subfield>
      <marc:subfield code="u">https://publications.gc.ca/collections/collection_2017/statcan/CS98-1941-4.pdf</marc:subfield>
      <marc:subfield code="z">Vol. 4. Cross-classifications, interprovincial migration, blind and deaf-mutes</marc:subfield>
    </marc:datafield>
    <marc:datafield tag="856" ind1="4" ind2="0">
      <marc:subfield code="q">PDF</marc:subfield>
      <marc:subfield code="s">53.11 MB</marc:subfield>
      <marc:subfield code="u">https://publications.gc.ca/collections/collection_2017/statcan/CS98-1941-5.pdf</marc:subfield>
      <marc:subfield code="z">Vol. 5. Dwellings, households and families</marc:subfield>
    </marc:datafield>
    <marc:datafield tag="856" ind1="4" ind2="0">
      <marc:subfield code="q">PDF</marc:subfield>
      <marc:subfield code="s">66.48 MB</marc:subfield>
      <marc:subfield code="u">https://publications.gc.ca/collections/collection_2017/statcan/CS98-1941-6.pdf</marc:subfield>
      <marc:subfield code="z">Vol. 6. Earnings, employment and unemployment of wage-earners</marc:subfield>
    </marc:datafield>
    <marc:datafield tag="856" ind1="4" ind2="0">
      <marc:subfield code="q">PDF</marc:subfield>
      <marc:subfield code="s">75.31 MB</marc:subfield>
      <marc:subfield code="u">https://publications.gc.ca/collections/collection_2017/statcan/CS98-1941-7.pdf</marc:subfield>
      <marc:subfield code="z">Vol. 7. Gainfully occupied by occupations, industries, etc.</marc:subfield>
    </marc:datafield>
    <marc:datafield tag="856" ind1="4" ind2="0">
      <marc:subfield code="q">PDF</marc:subfield>
      <marc:subfield code="s">51.60 MB</marc:subfield>
      <marc:subfield code="u">https://publications.gc.ca/collections/collection_2017/statcan/CS98-1941-8-1.pdf</marc:subfield>
      <marc:subfield code="z">Vol. 8, Part 1. Agriculture: Canada, Prince Edward Island, Nova Scotia, New Brunswick, Quebec</marc:subfield>
    </marc:datafield>
    <marc:datafield tag="856" ind1="4" ind2="0">
      <marc:subfield code="q">PDF</marc:subfield>
      <marc:subfield code="s">55.87 MB</marc:subfield>
      <marc:subfield code="u">https://publications.gc.ca/collections/collection_2017/statcan/CS98-1941-8-2.pdf</marc:subfield>
      <marc:subfield code="z">Vol. 8, Part 2. Agriculture: Ontario, Manitoba, Saskatchewan, Alberta, British Columbia, Yukon</marc:subfield>
    </marc:datafield>
    <marc:datafield tag="856" ind1="4" ind2="0">
      <marc:subfield code="q">PDF</marc:subfield>
      <marc:subfield code="s">22.92 MB</marc:subfield>
      <marc:subfield code="u">https://publications.gc.ca/collections/collection_2017/statcan/CS98-1941-9.pdf</marc:subfield>
      <marc:subfield code="z">Vol. 9. Housing</marc:subfield>
    </marc:datafield>
    <marc:datafield tag="856" ind1="4" ind2="0">
      <marc:subfield code="q">PDF</marc:subfield>
      <marc:subfield code="s">48.30 MB</marc:subfield>
      <marc:subfield code="u">https://publications.gc.ca/collections/collection_2017/statcan/CS98-1941-10.pdf</marc:subfield>
      <marc:subfield code="z">Vol. 10. Retail merchandise trade</marc:subfield>
    </marc:datafield>
    <marc:datafield tag="856" ind1="4" ind2="0">
      <marc:subfield code="q">PDF</marc:subfield>
      <marc:subfield code="s">39.16 MB</marc:subfield>
      <marc:subfield code="u">https://publications.gc.ca/collections/collection_2017/statcan/CS98-1941-11.pdf</marc:subfield>
      <marc:subfield code="z">Vol. 11. Wholesale trade, retail services, hotels, finance companies</marc:subfield>
    </marc:datafield>
  </marc:record>
</marc:collection>
